[Event "Albert Boxer Classic"]
[Site "Winnipeg CAN"]
[Date "1999.09.06"]
[Round "6"]
[White "Milord, Frank"]
[Black "Repa, Jason"]
[Result "0-1"]
[WhiteElo "1754"]
[BlackElo "1907"]
[PlyCount "44"]
[GameId "2160767911742226"]
[EventDate "1999.09.04"]
[EventType "swiss"]
[EventRounds "6"]
[EventCountry "CAN"]

1. d4 f5 2. c4 Nf6 3. Nc3 e6 4. g3 Bb4 5. Bg5 Bxc3+ 6. bxc3 O-O 7. Bg2 d6 8. Rb1 c6 9. e3 Qa5 10. Bxf6 Qxc3+ 11. Qd2 Qxd2+ 12. Kxd2 Rxf6 13. f4 Nd7 14. Ne2 Nb6 15. Rhc1 d5 16. cxd5 exd5 17. Ng1 Nc4+ 18. Kd3 Re6 19. Re1 b6 20. Rb3 Ba6 21. Kc2 Bb5 22. Rxb5 Na3+ 0-1

[Event "Albert Boxer Classic"]
[Site "Winnipeg CAN"]
[Date "1999.09.06"]
[Round "6"]
[White "Xia, Yanchong"]
[Black "Nikouline, Alexandre"]
[Result "0-1"]
[WhiteElo "1750"]
[BlackElo "2118"]
[PlyCount "40"]
[GameId "2160767911742227"]
[EventDate "1999.09.04"]
[EventType "swiss"]
[EventRounds "6"]
[EventCountry "CAN"]

1. e4 e5 2. Nf3 Nc6 3. Bc4 Bc5 4. O-O Nf6 5. Nc3 O-O 6. d3 h6 7. h3 d6 8. Re1 Be6 9. Bxe6 fxe6 10. Qe2 Nh5 11. Na4 Nd4 12. Nxd4 Bxd4 13. Qxh5 Bxf2+ 14. Kh1 Bxe1 15. Bxh6 Rf1+ 16. Kh2 gxh6 17. Qg6+ Kf8 18. Qxh6+ Ke8 19. Qxe6+ Qe7 20. Qg8+ Qf8 0-1

[Event "Alberta Over 1800"]
[Site "Edmonton CAN"]
[Date "1999.09.04"]
[Round "1"]
[White "Grumic, Sasha"]
[Black "Milne, Arthur"]
[Result "0-1"]
[WhiteElo "2225"]
[BlackElo "1930"]
[PlyCount "67"]
[GameId "2160767911742229"]
[EventDate "1999.09.04"]
[EventType "swiss"]
[EventRounds "5"]
[EventCountry "CAN"]
[SourceTitle "CFC 1999.12"]
[Source "CFC"]
[SourceDate "1999.12.??"]
[SourceVersionDate "1999.12.??"]
[SourceQuality "1"]

1. e4 e6 2. d4 d5 3. e5 c5 4. c3 Ne7 5. a3 c4 6. Nd2 h5 7. Ngf3 Nf5 8. b3 cxb3 9. c4 dxc4 10. Bb2 b5 11. a4 Bb4 12. Qc1 Qc7 13. Bc3 Bxc3 14. Qxc3 b2 15. Rb1 bxa4 16. Bxc4 O-O 17. O-O Bb7 18. Rxb2 Nd7 19. Rc1 Rfc8 20. Rbc2 Nb6 21. Qd3 Qd8 22. Ba2 Rxc2 23. Rxc2 Rc8 24. Bb1 Rxc2 25. Bxc2 Qd5 26. h3 h4 27. Ne4 Qc4 28. Qd1 a3 29. Bb3 Qb4 30. Neg5 Bd5 31. Bc2 a2 32. Nxh4 Qxd4 33. Qh5 a1=Q+ 34. Kh2 0-1

[Event "Alberta op"]
[Site "Edmonton CAN"]
[Date "1999.10.09"]
[Round "1"]
[White "Olson, Hans"]
[Black "Kazakevich, Anastasia"]
[Result "1-0"]
[WhiteElo "1995"]
[BlackElo "1533"]
[PlyCount "53"]
[GameId "2160767911742008"]
[EventDate "1999.10.09"]
[EventType "swiss"]
[EventRounds "6"]
[EventCountry "CAN"]
[SourceTitle "Albertabase"]
[SourceDate "2003.08.17"]
[SourceVersion "1"]
[SourceVersionDate "2003.08.17"]
[SourceQuality "1"]

1. e4 d5 2. d4 dxe4 3. Nc3 Bf5 4. f3 e6 5. fxe4 Bg6 6. Nf3 Bb4 7. Bd3 Nc6 8. a3 Ba5 9. b4 Bb6 10. Ne2 Nge7 11. Bb2 O-O 12. c4 a5 13. c5 Ba7 14. b5 Nb8 15. O-O Nd7 16. Nf4 c6 17. b6 Bb8 18. Nxg6 Nxg6 19. e5 Nf4 20. Bc2 Re8 21. Bc1 Ng6 22. Ng5 f6 23. Nxh7 f5 24. Qh5 Kf7 25. Ng5+ Kf8 26. Qxg6 Qe7 27. Qh7 1-0

[Event "Alberta op"]
[Site "Edmonton CAN"]
[Date "1999.10.09"]
[Round "1"]
[White "Ottosen, David"]
[Black "Kazakevich, Alexander"]
[Result "1-0"]
[WhiteElo "2205"]
[BlackElo "1676"]
[PlyCount "51"]
[GameId "2160767911742009"]
[EventDate "1999.10.09"]
[EventType "swiss"]
[EventRounds "6"]
[EventCountry "CAN"]
[SourceTitle "EXT 2017"]
[Source "ChessBase"]
[SourceDate "2016.10.25"]
[SourceVersion "1"]
[SourceVersionDate "2016.10.25"]
[SourceQuality "1"]

1. e4 c6 2. d4 d5 3. exd5 cxd5 4. c4 Nf6 5. Nc3 e6 6. Nf3 Be7 7. cxd5 Nxd5 8. Bd3 Nc6 9. O-O Qb6 10. Re1 Bd7 11. Nxd5 exd5 12. Bg5 f6 13. Bf4 O-O 14. Rc1 Rae8 15. a3 Qxb2 16. Rb1 Qxa3 17. Re3 Qa5 18. Rxb7 Bg4 19. Rb5 Bxf3 20. Qxf3 Qa1+ 21. Rb1 Qxd4 22. Qh5 f5 23. Bxf5 g6 24. Bxg6 hxg6 25. Qxg6+ Qg7 26. Qe6+ 1-0

[Event "Alberta op"]
[Site "Edmonton CAN"]
[Date "1999.10.09"]
[Round "2"]
[White "Kazakevich, Anastasia"]
[Black "Haynes, Nicolas"]
[Result "0-1"]
[WhiteElo "1537"]
[BlackElo "1685"]
[PlyCount "53"]
[GameId "2160767911742010"]
[EventDate "1999.10.09"]
[EventType "swiss"]
[EventRounds "6"]
[EventCountry "CAN"]
[SourceTitle "Albertabase"]
[SourceDate "2003.08.17"]
[SourceVersion "1"]
[SourceVersionDate "2003.08.17"]
[SourceQuality "1"]

1. d4 e6 2. c4 b6 3. e4 Bb7 4. Nc3 Bb4 5. Bd3 f5 6. Qc2 Nf6 7. f3 Nc6 8. Be3 fxe4 9. fxe4 Ng4 10. Qe2 Nxe3 11. Qxe3 Qf6 12. Nf3 e5 13. d5 Nd4 14. O-O Bc5 15. Nxd4 Qxf1+ 16. Kxf1 O-O+ 17. Ke1 exd4 18. Qd2 a5 19. a3 Rf2 20. Qc1 Bd6 21. Qg5 h6 22. Qg4 Raf8 23. Rc1 Rxb2 24. Rc2 Rb1+ 25. Kd2 Rf4 26. Qxd7 Bb4 27. Ke2 0-1

[Event "Alberta op"]
[Site "Edmonton CAN"]
[Date "1999.10.09"]
[Round "2"]
[White "Quiring, John"]
[Black "Ottosen, David"]
[Result "0-1"]
[WhiteElo "1949"]
[BlackElo "2205"]
[PlyCount "46"]
[GameId "2160767911742011"]
[EventDate "1999.10.09"]
[EventType "swiss"]
[EventRounds "6"]
[EventCountry "CAN"]
[SourceTitle "EXT 2017"]
[Source "ChessBase"]
[SourceDate "2016.10.25"]
[SourceVersion "1"]
[SourceVersionDate "2016.10.25"]
[SourceQuality "1"]

1. e4 e6 2. d3 d5 3. Nd2 c5 4. g3 b6 5. Bg2 Bb7 6. Ne2 Nf6 7. f4 Ng4 8. Nf1 dxe4 9. Nc3 f5 10. Qe2 Nc6 11. dxe4 Nd4 12. Qd1 Qc7 13. h3 Nf6 14. Be3 O-O-O 15. Nd2 Nxe4 16. Bxe4 fxe4 17. Bxd4 cxd4 18. Ncxe4 Kb8 19. O-O g6 20. Rc1 e5 21. Qe2 exf4 22. Rxf4 Bh6 23. Rf3 Rhe8 0-1

[Event "Alberta op"]
[Site "Edmonton CAN"]
[Date "1999.10.10"]
[Round "3"]
[White "Ottosen, David"]
[Black "Kuczaj, Chris"]
[Result "1-0"]
[WhiteElo "2205"]
[BlackElo "2079"]
[PlyCount "114"]
[GameId "2160767911742012"]
[EventDate "1999.10.09"]
[EventType "swiss"]
[EventRounds "6"]
[EventCountry "CAN"]
[SourceTitle "EXT 2017"]
[Source "ChessBase"]
[SourceDate "2016.10.25"]
[SourceVersion "1"]
[SourceVersionDate "2016.10.25"]
[SourceQuality "1"]

1. e4 c5 2. Nf3 Nc6 3. d4 cxd4 4. Nxd4 e6 5. Nc3 a6 6. Be2 Nge7 7. O-O Nxd4 8. Qxd4 Nc6 9. Qd1 Be7 10. Be3 b5 11. f4 O-O 12. a3 Bb7 13. Bd3 d6 14. Qh5 g6 15. Qh6 Bf6 16. Rad1 Bg7 17. Qh3 f5 18. e5 d5 19. Bc5 Rf7 20. a4 b4 21. Na2 Bf8 22. Bf2 Qc7 23. Nc1 Na5 24. Ne2 Nc6 25. Rc1 Qa5 26. Qe3 Be7 27. b3 Rc8 28. Rfd1 Bd8 29. h4 Be7 30. h5 Kg7 31. Kf1 Rg8 32. hxg6 hxg6 33. Nd4 Nxd4 34. Qxd4 Rc8 35. Qb6 Qxb6 36. Bxb6 Bc5 37. Bxc5 Rxc5 38. Ke2 Rd7 39. g4 Rd8 40. Rg1 Kf7 41. Rg3 Rh8 42. Rcg1 Rh7 43. gxf5 gxf5 44. Rg6 Rc6 45. Ke3 Ke8 46. Rf6 Kd7 47. Rg3 Re7 48. Kf2 Rc8 49. Rh6 Rf8 50. Ke3 Rc8 51. Kd4 Rf7 52. Rg5 Re7 53. Rgg6 Rc6 54. Rg8 Rc3 55. Rgg6 Rc6 56. Rh1 Kc7 57. a5 Rh7 1-0

[Event "Alberta op"]
[Site "Edmonton CAN"]
[Date "1999.10.10"]
[Round "3"]
[White "Sterr, Josh"]
[Black "Kazakevich, Anastasia"]
[Result "0-1"]
[WhiteElo "1468"]
[BlackElo "1537"]
[PlyCount "72"]
[GameId "2160767911742013"]
[EventDate "1999.10.09"]
[EventType "swiss"]
[EventRounds "6"]
[EventCountry "CAN"]
[SourceTitle "Albertabase"]
[SourceDate "2003.08.17"]
[SourceVersion "1"]
[SourceVersionDate "2003.08.17"]
[SourceQuality "1"]

1. Nf3 d5 2. d4 Nf6 3. c4 g6 4. Nc3 c6 5. e3 Bg7 6. Be2 O-O 7. O-O Bg4 8. Bd2 Nbd7 9. Rc1 Rc8 10. h3 Be6 11. c5 Ne8 12. b4 a6 13. a4 f5 14. Bd3 Ndf6 15. Bc2 Ne4 16. Nxe4 dxe4 17. Ng5 Bd5 18. h4 Bh6 19. Nh3 e6 20. g3 Qf6 21. Bb3 Nc7 22. Bc2 Rfe8 23. Bb1 Rcd8 24. Qe2 Qf7 25. Kh2 Bb3 26. Bc2 Bxc2 27. Rxc2 Rd7 28. Rg1 Bg7 29. g4 Red8 30. gxf5 exf5 31. Rcc1 Be5+ 32. Kh1 Bf6 33. h5 Kf8 34. hxg6 hxg6 35. Rg2 Qh7 36. Rcg1 Qxh3+ 0-1

[Event "Alberta op"]
[Site "Edmonton CAN"]
[Date "1999.10.10"]
[Round "4"]
[White "Ottosen, David"]
[Black "Odachowski, Arthur"]
[Result "0-1"]
[WhiteElo "2205"]
[BlackElo "2270"]
[PlyCount "82"]
[GameId "2160767911742015"]
[EventDate "1999.10.09"]
[EventType "swiss"]
[EventRounds "6"]
[EventCountry "CAN"]
[SourceTitle "EXT 2017"]
[Source "ChessBase"]
[SourceDate "2016.10.25"]
[SourceVersion "1"]
[SourceVersionDate "2016.10.25"]
[SourceQuality "1"]

1. e4 c5 2. Nf3 d6 3. d4 cxd4 4. Nxd4 Nf6 5. Nc3 Nc6 6. Bg5 e6 7. Qd2 a6 8. O-O-O h6 9. Be3 Bd7 10. f4 b5 11. Bd3 Be7 12. h3 Nxd4 13. Bxd4 b4 14. Ne2 Qa5 15. Kb1 e5 16. Be3 Be6 17. Nc1 d5 18. f5 Bd7 19. Nb3 Qc7 20. exd5 Nxd5 21. Rhe1 Nf6 22. Qe2 O-O 23. Bd4 exd4 24. Qxe7 Qb6 25. Qe5 Bc6 26. g4 Rad8 27. Qg3 Rfe8 28. h4 Re3 29. Rxe3 dxe3 30. g5 Ne4 31. Qg1 hxg5 32. hxg5 Nf2 33. Qh2 Be4 34. g6 Qf6 35. Qh7+ Kf8 36. Re1 Rxd3 37. Qh8+ Ke7 38. cxd3 Nxd3 39. Qh2 Nxe1+ 40. Kc1 Qc6+ 41. Kd1 Nf3 0-1

[Event "Alberta op"]
[Site "Edmonton CAN"]
[Date "1999.10.11"]
[Round "5"]
[White "Hughey, Micah"]
[Black "Ottosen, David"]
[Result "0-1"]
[WhiteElo "2043"]
[BlackElo "2205"]
[PlyCount "38"]
[GameId "2160767911742016"]
[EventDate "1999.10.09"]
[EventType "swiss"]
[EventRounds "6"]
[EventCountry "CAN"]
[SourceTitle "EXT 2017"]
[Source "ChessBase"]
[SourceDate "2016.10.25"]
[SourceVersion "1"]
[SourceVersionDate "2016.10.25"]
[SourceQuality "1"]

1. d4 Nf6 2. Nf3 g6 3. Bg5 Bg7 4. Nbd2 d5 5. e3 O-O 6. Bd3 Nbd7 7. O-O Re8 8. e4 dxe4 9. Nxe4 Nxe4 10. Bxe4 c5 11. c3 Qb6 12. Qd2 Nf6 13. Bd3 cxd4 14. Nxd4 e5 15. Nb3 Be6 16. Be3 Qc6 17. Qe2 a6 18. Rfd1 e4 19. Bc2 Bg4 0-1

[Event "Alberta op"]
[Site "Edmonton CAN"]
[Date "1999.10.11"]
[Round "5"]
[White "Ward, Kevin"]
[Black "Kazakevich, Anastasia"]
[Result "0-1"]
[WhiteElo "1767"]
[BlackElo "1537"]
[PlyCount "86"]
[GameId "2160767911742017"]
[EventDate "1999.10.09"]
[EventType "swiss"]
[EventRounds "6"]
[EventCountry "CAN"]
[SourceTitle "Albertabase"]
[SourceDate "2003.08.17"]
[SourceVersion "1"]
[SourceVersionDate "2003.08.17"]
[SourceQuality "1"]

1. e4 d5 2. exd5 Qxd5 3. Nc3 Qa5 4. d3 Nf6 5. g3 Bg4 6. Nge2 c6 7. Bg2 e6 8. Bd2 Bb4 9. a3 Bxc3 10. Bxc3 Qd8 11. Qd2 Nbd7 12. h3 Bf5 13. g4 Bg6 14. Nf4 e5 15. Nxg6 hxg6 16. O-O-O Qc7 17. Rhe1 O-O-O 18. Qe3 Rhe8 19. g5 Nd5 20. Bxd5 cxd5 21. Qxa7 f6 22. gxf6 gxf6 23. Qa8+ Qb8 24. Qa4 Re6 25. Qg4 f5 26. Qg5 Rde8 27. f3 Qc7 28. Re2 Nc5 29. Qd2 d4 30. Kb1 dxc3 31. Qxc3 e4 32. d4 exf3 33. Rxe6 Nxe6 34. Qxc7+ Kxc7 35. c3 g5 36. Kc2 g4 37. hxg4 fxg4 38. Rf1 Ng5 39. Rg1 f2 40. Rxg4 f1=Q 41. Rxg5 Qe2+ 42. Kb3 b5 43. Rc5+ Kb6 0-1

[Event "Alberta op"]
[Site "Edmonton CAN"]
[Date "1999.10.11"]
[Round "6"]
[White "Kazakevich, Anastasia"]
[Black "Dean, Tim"]
[Result "1/2-1/2"]
[WhiteElo "1537"]
[BlackElo "1902"]
[PlyCount "43"]
[GameId "2160767911742018"]
[EventDate "1999.10.09"]
[EventType "swiss"]
[EventRounds "6"]
[EventCountry "CAN"]
[SourceTitle "Albertabase"]
[SourceDate "2003.08.17"]
[SourceVersion "1"]
[SourceVersionDate "2003.08.17"]
[SourceQuality "1"]

1. d4 Nf6 2. c4 e5 3. dxe5 Ng4 4. Nf3 Bc5 5. e3 Nc6 6. Nc3 Ngxe5 7. Nxe5 Nxe5 8. b3 d6 9. Be2 O-O 10. O-O a5 11. Na4 Ba7 12. Bb2 Qh4 13. Bd4 Bxd4 14. Qxd4 Qxd4 15. exd4 Nc6 16. d5 Re8 17. Nc3 Nd4 18. Bd3 Bd7 19. Rfe1 h6 20. h3 Kf8 21. Kf1 Rxe1+ 22. Rxe1 1/2-1/2

[Event "Alberta op"]
[Site "Edmonton CAN"]
[Date "1999.10.11"]
[Round "6"]
[White "Yearwood, Roy"]
[Black "Ottosen, David"]
[Result "1/2-1/2"]
[WhiteElo "2200"]
[BlackElo "2205"]
[PlyCount "35"]
[GameId "2160767911742019"]
[EventDate "1999.10.09"]
[EventType "swiss"]
[EventRounds "6"]
[EventCountry "CAN"]
[SourceTitle "EXT 2017"]
[Source "ChessBase"]
[SourceDate "2016.10.25"]
[SourceVersion "1"]
[SourceVersionDate "2016.10.25"]
[SourceQuality "1"]

1. e4 c5 2. Nc3 Nc6 3. f4 g6 4. Bc4 Bg7 5. Nf3 e6 6. O-O Nge7 7. d3 O-O 8. Qe1 d5 9. Bb3 Nd4 10. Nxd4 cxd4 11. Ne2 a5 12. a4 dxe4 13. dxe4 d3 14. Nc3 dxc2 15. Bxc2 f5 16. e5 Qb6+ 17. Qe3 Qxe3+ 18. Bxe3 1/2-1/2

[Event "Alberta-ch"]
[Site "Calgary CAN"]
[Date "1999.04.01"]
[Round "1"]
[White "Gardner, Robert"]
[Black "Grumic, Sasha"]
[Result "0-1"]
[WhiteElo "2306"]
[BlackElo "2222"]
[PlyCount "64"]
[GameId "2160767911805252"]
[EventDate "1999.04.01"]
[EventType "tourn"]
[EventRounds "7"]
[EventCountry "CAN"]

1. e4 c5 2. Nc3 d6 3. Nge2 Nc6 4. g3 g6 5. Bg2 Bg7 6. d3 e6 7. h4 h5 8. Bg5 Qb6 9. Qc1 Nh6 10. Nd1 Ng4 11. c3 Nge5 12. Qc2 Qa6 13. Nc1 Bd7 14. a4 Rc8 15. O-O b5 16. Bd2 b4 17. Ne3 f5 18. f4 Ng4 19. Nxg4 hxg4 20. Be3 Kf7 21. Ne2 bxc3 22. bxc3 Nd4 23. Bxd4 cxd4 24. c4 fxe4 25. Bxe4 d5 26. Bg2 dxc4 27. dxc4 Qxc4 28. Qxc4 Rxc4 29. Ra3 Rb8 30. a5 Rb2 31. Re1 Rcc2 32. Bf1 Bb5 0-1

[Event "Alberta-ch"]
[Site "Calgary CAN"]
[Date "1999.04.01"]
[Round "1"]
[White "Haessel, Dale"]
[Black "Walker, Warrick"]
[Result "0-1"]
[WhiteElo "2301"]
[BlackElo "2211"]
[PlyCount "46"]
[GameId "2160767911805253"]
[EventDate "1999.04.01"]
[EventType "tourn"]
[EventRounds "7"]
[EventCountry "CAN"]

1. e4 d5 2. exd5 Nf6 3. Bb5+ Bd7 4. Bc4 Bf5 5. Nc3 Nbd7 6. Bb3 Nb6 7. Qf3 Qd7 8. a4 O-O-O 9. a5 Nbxd5 10. a6 b6 11. Nxd5 Nxd5 12. c4 Qe6+ 13. Ne2 Nb4 14. Qb7+ Kd7 15. d4 Bc2 16. Ra3 Nd3+ 17. Kd2 Bxb3 18. Rxb3 Nxf2 19. d5 Qd6 20. Rf1 Ne4+ 21. Kc2 Nc5 22. Qxa7 Qg6+ 23. Kc3 Qd3+ 0-1

[Event "Alberta-ch"]
[Site "Calgary CAN"]
[Date "1999.04.01"]
[Round "1"]
[White "Huber, Gregory"]
[Black "Fullbrook, Nigel"]
[Result "1-0"]
[WhiteElo "2384"]
[BlackElo "2351"]
[PlyCount "77"]
[GameId "2160767911805254"]
[EventDate "1999.04.01"]
[EventType "tourn"]
[EventRounds "7"]
[EventCountry "CAN"]

1. Nf3 c5 2. e4 d6 3. Bb5+ Nc6 4. O-O a6 5. Bxc6+ bxc6 6. c3 e6 7. d3 d5 8. Qa4 Bd7 9. Nbd2 Ne7 10. Ne5 Ng6 11. Nxd7 Qxd7 12. Nb3 Ne5 13. Rd1 Nxd3 14. Rxd3 c4 15. Rd1 cxb3 16. axb3 Bd6 17. exd5 cxd5 18. Be3 Ke7 19. g3 Qxa4 20. Rxa4 a5 21. Rda1 Rab8 22. Rxa5 Rxb3 23. Bg5+ f6 24. Ra7+ Kd8 25. Be3 Bc7 26. Ra8+ Rb8 27. b4 Kd7 28. R8a7 Rhc8 29. R1a6 e5 30. Bc5 Kd8 31. Kf1 d4 32. c4 Ke8 33. f3 d3 34. Ke1 f5 35. Kd2 e4 36. fxe4 f4 37. Re6+ Kd8 38. Re7 fxg3 39. hxg3 1-0

[Event "Alberta-ch"]
[Site "Calgary CAN"]
[Date "1999.04.01"]
[Round "1"]
[White "Lapides, Andrew"]
[Black "Odachowski, Arthur"]
[Result "1-0"]
[WhiteElo "2326"]
[BlackElo "2247"]
[PlyCount "89"]
[GameId "2160767911805255"]
[EventDate "1999.04.01"]
[EventType "tourn"]
[EventRounds "7"]
[EventCountry "CAN"]

1. d4 e6 2. c4 f5 3. Nc3 Nf6 4. Bf4 d6 5. Nf3 Be7 6. h3 Nbd7 7. Qc2 c6 8. a3 Nf8 9. e3 Bd7 10. Bd3 Qc7 11. Bh2 a6 12. b4 h6 13. Rc1 N8h7 14. Nh4 Nf8 15. Nf3 N8h7 16. c5 O-O 17. cxd6 Bxd6 18. Bxd6 Qxd6 19. Ne5 a5 20. Nc4 Qe7 21. Nxa5 Nd5 22. O-O Qh4 23. Nxd5 exd5 24. f4 Rae8 25. Qf2 Qe7 26. Nxb7 Qxe3 27. Nc5 Bc8 28. Qxe3 Rxe3 29. Rfe1 Rfe8 30. Rxe3 Rxe3 31. Kf2 Re7 32. Re1 Kf7 33. a4 Nf6 34. Rxe7+ Kxe7 35. a5 Ne8 36. Kf3 Nc7 37. Ke3 g5 38. g3 Kf6 39. a6 h5 40. fxg5+ Kxg5 41. Bf1 Na8 42. Kf3 Nb6 43. h4+ Kf6 44. Kf4 Na8 45. Be2 1-0

[Event "Alberta-ch"]
[Site "Calgary CAN"]
[Date "1999.04.02"]
[Round "2"]
[White "Fullbrook, Nigel"]
[Black "Odachowski, Arthur"]
[Result "1-0"]
[WhiteElo "2351"]
[BlackElo "2247"]
[PlyCount "53"]
[GameId "2160767911805256"]
[EventDate "1999.04.01"]
[EventType "tourn"]
[EventRounds "7"]
[EventCountry "CAN"]

1. e4 c5 2. Nf3 d6 3. d4 cxd4 4. Nxd4 Nf6 5. Nc3 Nc6 6. Bg5 e6 7. f4 a6 8. Nf3 Qc7 9. Bd3 Be7 10. Qe2 h6 11. Bh4 b5 12. O-O-O b4 13. Nd5 exd5 14. exd5 Na7 15. Bxf6 gxf6 16. Nd4 Kf8 17. Rhe1 Bb7 18. Nf5 Nc8 19. Qg4 Rg8 20. Qh5 Rh8 21. Nxh6 Bd8 22. Re3 Ra7 23. Rde1 Bc6 24. dxc6 Qxc6 25. Re7 Rxe7 26. Rxe7 Nxe7 27. Qxf7# 1-0

[Event "Alberta-ch"]
[Site "Calgary CAN"]
[Date "1999.04.02"]
[Round "2"]
[White "Gardner, Robert"]
[Black "Huber, Gregory"]
[Result "1-0"]
[WhiteElo "2306"]
[BlackElo "2384"]
[PlyCount "101"]
[GameId "2160767911805257"]
[EventDate "1999.04.01"]
[EventType "tourn"]
[EventRounds "7"]
[EventCountry "CAN"]

1. e4 d6 2. d4 g6 3. g3 Bg7 4. Bg2 c5 5. dxc5 Qa5+ 6. Nd2 Qxc5 7. Ne2 Nf6 8. O-O O-O 9. Nb3 Qc7 10. Nf4 e5 11. Ne2 Be6 12. Bg5 h6 13. Bxf6 Bxf6 14. Nc3 Rd8 15. Nd5 Bxd5 16. Qxd5 Nd7 17. Qd3 Rac8 18. c3 Nc5 19. Qc2 Nxb3 20. axb3 a5 21. Rfd1 Qb6 22. Bf1 Kg7 23. Bc4 Rd7 24. Rd5 Rc5 25. Rd3 Qc7 26. Bd5 Rd8 27. Kg2 h5 28. Rf1 Qd7 29. f4 Rc7 30. Rdf3 Rf8 31. fxe5 Bxe5 32. Rxf7+ Rxf7 33. Rxf7+ Qxf7 34. Bxf7 Kxf7 35. Qf2+ Kg7 36. Qb6 Rd7 37. Qxa5 Kf7 38. Qd5+ Kg7 39. b4 Kf8 40. Qd2 Rc7 41. Qe2 Kg7 42. b5 Kf7 43. c4 Kg7 44. b3 Rf7 45. Qd3 Kf8 46. Qd5 Re7 47. b4 Kg7 48. c5 dxc5 49. bxc5 Kf8 50. b6 Kg7 51. Kf2 1-0

[Event "Alberta-ch"]
[Site "Calgary CAN"]
[Date "1999.04.02"]
[Round "2"]
[White "Grumic, Sasha"]
[Black "Walker, Warrick"]
[Result "1-0"]
[WhiteElo "2222"]
[BlackElo "2211"]
[PlyCount "31"]
[GameId "2160767911805258"]
[EventDate "1999.04.01"]
[EventType "tourn"]
[EventRounds "7"]
[EventCountry "CAN"]

1. g3 g6 2. Bg2 Bg7 3. c4 d6 4. Nc3 c5 5. Nf3 Nc6 6. d3 Bd7 7. a3 Nf6 8. Rb1 O-O 9. Bd2 Qc8 10. h3 e5 11. b4 Nd4 12. bxc5 Qxc5 13. Nb5 Bxb5 14. Rxb5 Qxa3 15. Qb1 Rab8 16. Ra5 1-0

[Event "Alberta-ch"]
[Site "Calgary CAN"]
[Date "1999.04.02"]
[Round "2"]
[White "Lapides, Andrew"]
[Black "Haessel, Dale"]
[Result "0-1"]
[WhiteElo "2326"]
[BlackElo "2301"]
[PlyCount "76"]
[GameId "2160767911805259"]
[EventDate "1999.04.01"]
[EventType "tourn"]
[EventRounds "7"]
[EventCountry "CAN"]

1. c4 Nf6 2. Nc3 e6 3. Nf3 c5 4. d4 cxd4 5. Nxd4 a6 6. g3 Qc7 7. Qa4 Nc6 8. Nxc6 bxc6 9. Bg2 Rb8 10. Qc2 Be7 11. O-O O-O 12. e4 e5 13. h3 d6 14. Be3 Be6 15. Qe2 Qa5 16. a3 Rb3 17. Rad1 Rfb8 18. Rd2 Nd7 19. Rc1 Nc5 20. Na2 Rxe3 21. Qxe3 Nb3 22. Rdc2 Nxc1 23. Qxc1 h6 24. Nb4 Qb6 25. Rc3 Rc8 26. h4 Qa5 27. Qd1 Qb6 28. Qe2 a5 29. Nd3 Qd4 30. Qc2 f5 31. Nc1 f4 32. Nb3 Qa7 33. Kh2 Rf8 34. Rf3 Bg4 35. Rd3 a4 36. Nc1 fxg3+ 37. fxg3 g5 38. Bh3 Rf2+ 0-1

[Event "Alberta-ch"]
[Site "Calgary CAN"]
[Date "1999.04.02"]
[Round "3"]
[White "Haessel, Dale"]
[Black "Fullbrook, Nigel"]
[Result "0-1"]
[WhiteElo "2301"]
[BlackElo "2351"]
[PlyCount "72"]
[GameId "2160767911805260"]
[EventDate "1999.04.01"]
[EventType "tourn"]
[EventRounds "7"]
[EventCountry "CAN"]

1. e4 c5 2. c3 Nf6 3. e5 Nd5 4. d4 cxd4 5. Qxd4 e6 6. Nf3 Nc6 7. Qe4 f5 8. Qe2 b5 9. g3 a6 10. Bg2 Bb7 11. O-O Be7 12. a4 O-O 13. Rd1 Qb6 14. Nbd2 Na5 15. axb5 axb5 16. Qd3 Rac8 17. Nd4 Bc5 18. N2f3 b4 19. Bd2 Ba6 20. Qb1 Nc4 21. Be1 b3 22. Nxb3 Qxb3 23. Rxa6 Nxb2 24. Rc1 Rb8 25. Bf1 f4 26. g4 Ne3 27. fxe3 fxe3 28. Kg2 Qd5 29. Be2 Nc4 30. Qd3 Rb2 31. Qxd5 exd5 32. Kf1 Nxe5 33. Ra5 d6 34. Bh4 Nxf3 35. Bxf3 Rxf3+ 36. Ke1 e2 0-1

[Event "Alberta-ch"]
[Site "Calgary CAN"]
[Date "1999.04.02"]
[Round "3"]
[White "Huber, Gregory"]
[Black "Grumic, Sasha"]
[Result "1-0"]
[WhiteElo "2384"]
[BlackElo "2222"]
[PlyCount "39"]
[GameId "2160767911805261"]
[EventDate "1999.04.01"]
[EventType "tourn"]
[EventRounds "7"]
[EventCountry "CAN"]

1. e4 d6 2. d4 Nf6 3. Nc3 g6 4. f4 d5 5. e5 Ng8 6. Qf3 c6 7. Bd3 Qb6 8. Nge2 Nh6 9. O-O Be6 10. Na4 Qc7 11. h3 Nd7 12. g4 b5 13. f5 gxf5 14. gxf5 Nxf5 15. Bxf5 bxa4 16. Bxe6 fxe6 17. Qf7+ Kd8 18. Nf4 Qb6 19. Nxe6+ Kc8 20. Qe8+ 1-0

[Event "Alberta-ch"]
[Site "Calgary CAN"]
[Date "1999.04.02"]
[Round "3"]
[White "Odachowski, Arthur"]
[Black "Gardner, Robert"]
[Result "0-1"]
[WhiteElo "2247"]
[BlackElo "2306"]
[PlyCount "52"]
[GameId "2160767911805262"]
[EventDate "1999.04.01"]
[EventType "tourn"]
[EventRounds "7"]
[EventCountry "CAN"]

1. e4 c5 2. c3 Nf6 3. e5 Nd5 4. d4 cxd4 5. Nf3 d6 6. Bc4 dxe5 7. Nxe5 Qc7 8. cxd4 e6 9. O-O Be7 10. Qf3 Nf6 11. Nc3 Nbd7 12. Nb5 Qd8 13. Be3 Nb6 14. Bb3 O-O 15. Rad1 Nbd5 16. Nc3 Nxc3 17. bxc3 Nd5 18. Bc1 a5 19. c4 Nf6 20. Ba4 Qc7 21. Bf4 Qb6 22. Qb3 Qxb3 23. axb3 Rd8 24. h3 Ne4 25. d5 Nc3 26. Rd3 Ne2+ 0-1

[Event "Alberta-ch"]
[Site "Calgary CAN"]
[Date "1999.04.02"]
[Round "3"]
[White "Walker, Warrick"]
[Black "Lapides, Andrew"]
[Result "0-1"]
[WhiteElo "2211"]
[BlackElo "2326"]
[PlyCount "131"]
[GameId "2160767911805263"]
[EventDate "1999.04.01"]
[EventType "tourn"]
[EventRounds "7"]
[EventCountry "CAN"]

1. e4 e6 2. d4 d5 3. Nc3 Bb4 4. e5 Ne7 5. Nf3 c5 6. dxc5 Bxc3+ 7. bxc3 Qa5 8. Bd3 Qxc3+ 9. Bd2 Qxc5 10. O-O Nbc6 11. Be3 d4 12. Nxd4 Qxe5 13. Re1 O-O 14. Nb5 Qf6 15. Nd6 e5 16. Ne4 Qg6 17. Rb1 b6 18. Nd6 f5 19. Nxc8 Raxc8 20. f4 e4 21. Bc4+ Kh8 22. Qe2 Na5 23. Ba6 Rcd8 24. Red1 Nec6 25. Rxd8 Rxd8 26. Rd1 Qf6 27. Rxd8+ Qxd8 28. Qd2 Qxd2 29. Bxd2 Kg8 30. Bc3 Kf7 31. Bc8 g6 32. g4 Ne7 33. Bd7 fxg4 34. Bxg4 Nd5 35. Be5 Ne3 36. Bh3 Nxc2 37. Bg2 e3 38. Bd5+ Ke7 39. Kf1 b5 40. Bg8 h6 41. Bh7 Kf7 42. f5 gxf5 43. Bxf5 Nc4 44. Bc3 N2a3 45. Ke2 a5 46. Bd3 b4 47. Bh8 a4 48. Bh7 b3 49. axb3 axb3 50. Be4 Kf8 51. Bf6 b2 52. Bxb2 Nxb2 53. Kxe3 Nac4+ 54. Kf4 Kg7 55. Ba8 Kf6 56. Kg3 Kg5 57. h4+ Kf5 58. Bh1 Ne5 59. Bb7 Nbd3 60. Bc8+ Ke4 61. Bb7+ Ke3 62. Ba8 Nc5 63. Bh1 Ne4+ 64. Kh3 Nf2+ 65. Kg2 Nxh1 66. Kxh1 0-1